000 00313nam a2200121Ia 4500
008 220216s9999 xx 000 0 und d
100 _aSimpson E
245 0 _aThermo-electric pyrometry in the rubber industry
260 _bIRI Transactions
_c1938
300 _a396-412
650 _aRubber industry
942 _cJS
999 _c71250
_d71250